000
00193 a2200097 4500
020
_a
9780673758446
041
_a
spa
100
_a
Bueller, Mark
245
_a
La trompa del elefante
942
_c
BK
999
_c
31939
_d
31937